Statistics for Australian Bird ID Multiple Choice #1

Click here to take the quiz!

General Stats

  • This quiz has been taken 27 times
  • The average score is 12 of 20

Answer Stats

QuestionAnswer% Correct
Southern Cassowary
100%
Gouldian Finch
86%
Great Bowerbird
86%
Carnaby's Black-Cockatoo
77%
Bush Stone-curlew
77%
Marbled Frogmouth
73%
Varied Sittella
68%
Whiskered Tern
59%
Australasian Grebe
59%
Mulga Parrot
55%
Australasian Pipit
55%
Great-billed Heron
55%
Swamp Harrier
55%
Flesh-footed Shearwater
55%
White-browed Babbler
50%
Common Sandpiper
45%
Gilbert's Whistler
41%
Tasmanian Scrubwren
41%
White-naped Honeyeater
36%
Shy Albatross
36%

Score Distribution

Percentile by Number Answered

Percent of People with Each Score

Your Score History

You have not taken this quiz